| 000 -LEADER |
| fixed length control field |
02289cam a22003978i 4500 |
| 001 - CONTROL NUMBER |
| control field |
20756792 |
| 003 - CONTROL NUMBER IDENTIFIER |
| control field |
NUST |
| 005 - DATE AND TIME OF LATEST TRANSACTION |
| control field |
20240304111309.0 |
| 008 - FIXED-LENGTH DATA ELEMENTS--GENERAL INFORMATION |
| fixed length control field |
181021s2019 enk b 001 0 eng c |
| 010 ## - LIBRARY OF CONGRESS CONTROL NUMBER |
| LC control number |
2018047361 |
| 020 ## - INTERNATIONAL STANDARD BOOK NUMBER |
| International Standard Book Number |
9781350050785 |
| 020 ## - INTERNATIONAL STANDARD BOOK NUMBER |
| Canceled/invalid ISBN |
9781350050792 |
| 020 ## - INTERNATIONAL STANDARD BOOK NUMBER |
| Canceled/invalid ISBN |
9781350050808 |
| 038 ## - RECORD CONTENT LICENSOR |
| Staff Name |
Malang Jan |
| 040 ## - CATALOGING SOURCE |
| Original cataloging agency |
LBSOR/DLC |
| Language of cataloging |
eng |
| Description conventions |
rda |
| Transcribing agency |
LBSOR |
| 042 ## - AUTHENTICATION CODE |
| Authentication code |
pcc |
| 050 00 - LIBRARY OF CONGRESS CALL NUMBER |
| Classification number |
NC1000 |
| Item number |
.N68 2019 |
| 082 00 - DEWEY DECIMAL CLASSIFICATION NUMBER |
| Classification number |
740.71 |
| Edition number |
23 |
| Author Mark |
NOT |
| 100 1# - MAIN ENTRY--PERSONAL NAME |
| Personal name |
Nottingham, Anitra, |
| Relator term |
author. |
| 9 (RLIN) |
121757 |
| 245 14 - TITLE STATEMENT |
| Title |
The graphic design process : |
| Remainder of title |
how to be successful in design school / |
| Statement of responsibility, etc. |
Anitra Nottingham and Jeremy Stout. |
| 263 ## - PROJECTED PUBLICATION DATE |
| Projected publication date |
1909 |
| 264 #1 - PRODUCTION, PUBLICATION, DISTRIBUTION, MANUFACTURE, AND COPYRIGHT NOTICE |
| Place of production, publication, distribution, manufacture |
London ; |
| -- |
New York, NY : |
| Name of producer, publisher, distributor, manufacturer |
Bloomsbury Visual Arts, |
| Date of production, publication, distribution, manufacture, or copyright notice |
2019. |
| 300 ## - PHYSICAL DESCRIPTION |
| Extent |
199p.: |
| Other physical details |
ill; |
| 336 ## - CONTENT TYPE |
| Content type term |
text |
| Source |
rdacontent |
| 337 ## - MEDIA TYPE |
| Media type term |
unmediated |
| Source |
rdamedia |
| 338 ## - CARRIER TYPE |
| Carrier type term |
volume |
| Source |
rdacarrier |
| 504 ## - BIBLIOGRAPHY, ETC. NOTE |
| Bibliography, etc. note |
Includes bibliographical references and index. |
| 505 0# - FORMATTED CONTENTS NOTE |
| Formatted contents note |
Design thinking -- The 4D design process -- How this book is structured -- Discover -- Design -- Develop -- Deploy. |
| 520 ## - SUMMARY, ETC. |
| Summary, etc. |
"One of the main challenges students face upon entering design school is little knowledge of the field, its terminology and best practices. Unsurprisingly, most new students have never fully developed a concept or visual idea, been in a critique, or have been asked to explain their work to others. This book demystifies what design school is really like and explains what will be experienced at each stage, with particular focus on practical advice on topics like responding to design briefs and developing ideas, building up confidence and understanding what is expected. Student work is critiqued to show how projects are really assessed. Profiles highlight how professional designers themselves address client briefs. Tips for real-life problems are outlined, like getting stuck and dealing with critical feedback. Written by experienced instructors, this is the perfect guide for those starting their design education"-- |
| Assigning source |
Provided by publisher. |
| 650 #0 - SUBJECT ADDED ENTRY--TOPICAL TERM |
| Topical term or geographic name entry element |
Commercial art |
| General subdivision |
Study and teaching. |
| 9 (RLIN) |
121758 |
| 650 #0 - SUBJECT ADDED ENTRY--TOPICAL TERM |
| Topical term or geographic name entry element |
Graphic arts |
| General subdivision |
Study and teaching. |
| 9 (RLIN) |
121759 |
| 700 1# - ADDED ENTRY--PERSONAL NAME |
| Personal name |
Stout, Jeremy, |
| Relator term |
author. |
| 9 (RLIN) |
121760 |
| 906 ## - LOCAL DATA ELEMENT F, LDF (RLIN) |
| a |
7 |
| b |
cbc |
| c |
orignew |
| d |
1 |
| e |
ecip |
| f |
20 |
| g |
y-gencatlg |
| 942 ## - ADDED ENTRY ELEMENTS (KOHA) |
| Source of classification or shelving scheme |
|
| Koha item type |
Book |